Primer Encuentro Nacional sobre Desarrollo Urbano. Cuarto Centenario de Tegucigalpa /
محفوظ في:
| مؤلفون مشاركون: | , |
|---|---|
| التنسيق: | غير معروف |
| منشور في: |
Teucigalpa:
Departamento Editorial de la UNAH
|
| الوسوم: |
إضافة وسم
لا توجد وسوم, كن أول من يضع وسما على هذه التسجيلة!
|
MARC
| LEADER | 00000 a2200000 04500 | ||
|---|---|---|---|
| 001 | 15424 | ||
| 003 | |||
| 008 | 991231s d | ||
| 040 | |||
| 090 | |a 020604 | ||
| 110 | |a Universidad Nacional Autónoma de Honduras | ||
| 245 | |a Primer Encuentro Nacional sobre Desarrollo Urbano. Cuarto Centenario de Tegucigalpa / |c Universidad Nacional Autónoma de Honduras | ||
| 260 | |a Teucigalpa: |b Departamento Editorial de la UNAH | ||
| 300 | |a 257 p | ||
| 710 | |a ed | ||
| 999 | |c 10510 |d 10510 | ||
